| 000 | 01871nam0a2200385 4500 | ||
|---|---|---|---|
| 001 | RU\NLR\bibl\1024136 | ||
| 005 | 20250614235100.0 | ||
| 010 |
_a5-9596-0353-5 _9500 |
||
| 021 |
_aRU _b2006-72649 _93665 |
||
| 035 | _a(nilc)RSL-KNO-002967360 | ||
| 035 | _a(NLR Aleph) 001011647 | ||
| 090 |
_a642320 _c642320 |
||
| 100 | _a20061109d2006 |||y0rusy50 ca | ||
| 101 | 0 | _arus | |
| 102 | _aRU | ||
| 105 | _aa zzzz||||| | ||
| 106 | _ar | ||
| 200 | 1 |
_aЭкономическая эффективность производственного предпринимательства в аграрном секторе экономики: методы оценки и пути повышения _eмонография _fЕ. Н. Белкина, А. А. Скоморощенко |
|
| 210 |
_aСтаврополь _cАГРУС _d2006 |
||
| 215 |
_a182, [1] с. _cил., табл. _d20 |
||
| 320 | _aБиблиогр.: с. 151-162 (163 назв.) | ||
| 606 | 1 |
_aСельское хозяйство _xПредпринимательство _yРоссийская Федерация _92112659 _3RU\NLR\auth\661276636 |
|
| 610 | 0 | _aЭкономика -- Российская Федерация -- Сельское хозяйство -- Сельскохозяйственное предприятие | |
| 686 |
_aУ9(2)321,0 _2rubbk |
||
| 686 | _aУ32(2)-13(2Р) | ||
| 700 | 1 |
_4070 _7ca _8rus _aБелкина _bЕ. Н. _cд-р экон. наук _gЕлена Николаевна _9176894 _3RU\NLR\AUTH\770176945 |
|
| 701 | 1 |
_4070 _aСкоморощенко _bА. А. _cканд. экон. наук _gАнна Александровна _9203090 _3RU\NLR\AUTH\770203141 |
|
| 801 | 0 |
_aRU _bРКП _c20061109 _grcr |
|
| 801 | 1 |
_aRU _bРГБ _c20061109 |
|
| 801 | 2 |
_aRU _bNLR _c20061219 _grcr |
|
| 830 | _aавт. по кн. | ||
| 942 | _cBOOK | ||
| 980 | _aNB | ||